000 00620nam a2200229Ia 4500
003 OSt
005 20250704123003.0
008 210210b2007 xxu||||| |||| 00| 0 eng d
040 _cAL
041 _aKannada
082 _aK894.8 KANM
100 _aVAIDEHI
_dವೈದೇಹಿ
_9217192
245 _aMeju mattu badagi
_bಮೇಜು ಮತ್ತು ಬಡಗಿ
260 _aHampi
_bKannada Vishvavidyalaya Hampi
_c2007
300 _avii,294
650 _aMeju
_9217193
650 _amattu
_9217194
650 _abadagi
_9217195
690 _aKannada Miscellaneous
_9217196
906 _a062630
942 _2ddc
_cBK
999 _c117865
_d117865